| 000 | 00510nam a22001337a 4500 | ||
|---|---|---|---|
| 082 | _aMSEE-4 SID | ||
| 100 |
_aSidra Shaheen Syed _998924 |
||
| 245 | _aDesign of randomized space-time block codes for cooperative multi-hop strip-shaped networks | ||
| 260 |
_aIslamabad _bNUST-SEECS _c2015 |
||
| 300 |
_a53p. _eCD Include |
||
| 500 | _aSupervisors:Dr.Syed Ali Hassan, Dr. Adnan Khalid Kiani, Dr. Hassaan Khaliq, Dr. Rizwan Ahmad | ||
| 856 | _uhttp://10.250.8.41:8080/xmlui/handle/123456789/8644 | ||
| 942 |
_cPR _2ddc |
||
| 999 |
_c13306 _d13306 |
||